Sam's Speech Quiz Stats

Quiz not verified by Sporcle

Challenge
Share
Tweet
Embed
Score 0/176 Timer 10:00
0 Plays Today
% Correct
I
97%
I
97%
I
97%
I
97%
the
95.9%
the
95.9%
the
95.9%
the
95.9%
the
95.9%
the
95.9%
the
95.9%
the
95.9%
the
95.9%
the
95.9%
a
94.7%
A
94.7%
Frodo;
92.5%
Frodo,
92.4%
(Frodo)
92.4%
Frodo.
92.4%
we
89.1%
we
89.1%
we
89.1%
go
88.6%
it
88.6%
it
88.6%
in
88.4%
in
88.4%
in
88.4%
in
88.4%
and
87.8%
And
87.8%
And
87.8%
And
87.8%
to
86.7%
to
86.7%
to
86.7%
to
86.7%
to,
86.7%
Mr.
86.1%
Mr.
86.1%
Mr.
86.1%
be
86%
be
86%
you
84.7%
you,
84.7%
you
84.6%
on
84%
on
84%
that
83.9%
that
83.9%
that
83.9%
That
83.9%
are.
83.4%
are
83.4%
so
83.2%
know.
82.7%
know
82.7%
know
82.7%
% Correct
for.
81.7%
this
81.5%
this
81.5%
its
81.4%
It's
81.3%
It's
81.3%
it's
81.3%
world
80.8%
world,
80.8%
good
79.3%
do
78.8%
some
78.7%
But
78.5%
But
78.5%
But
78.5%
they
78.3%
they
78.3%
They
78.3%
they
78.3%
stories,
77.9%
stories
77.9%
stories
77.9%
What
77.3%
were.
77.1%
were
77.1%
were
77.1%
were
77.1%
when
77.1%
when
77.1%
of
76.8%
of
76.8%
of
76.8%
will
75.7%
will
75.7%
Sam?
75.4%
end
75.1%
end
75.1%
end,
75.1%
was
74.9%
fighting
74.6%
worth
74.4%
like
74.1%
how
73.7%
How
73.7%
back
73.3%
back,
73.3%
could
73.1%
could
73.1%
here.
73.1%
all
73%
there's
72.5%
if
72.1%
had
71.8%
had
71.8%
ones
71.2%
even
71%
Even
71%
even
71%
way
70.3%
% Correct
Those
69.7%
those
69.7%
want
69.6%
because
69.4%
Because
69.4%
going.
68.9%
something,
68.7%
something.
68.7%
much
68.6%
too
68.5%
didn't
68.3%
didn't
68.3%
shouldn't
68.2%
bad
68%
holding
67.2%
holding
67.2%
By
67.1%
with
66.6%
happened?
64.5%
think,
63.5%
really
63.4%
understand
63.3%
understand.
63.3%
now.
63.3%
kept
63.1%
come.
63%
rights
62.4%
why.
62.1%
happy?
61.9%
wrong.
61.8%
sun
61.8%
darkness
61.7%
darkness
61.7%
day
61.5%
thing,
61.5%
shine
61.2%
only
60.3%
only
60.3%
meant
60.2%
great
59.9%
small
59.6%
turning
59.3%
out
58.5%
chances
58.2%
stayed
57.9%
new
57.8%
mattered.
57.4%
shines,
55.9%
Folk
55.5%
must
55.3%
Full
53.9%
pass.
53.8%
lots
53.5%
clearer.
53.2%
sometimes
52.9%
passing
50.7%
danger,
48%
shadow.
47.1%

You're not logged in!

Compare scores with friends on all Sporcle quizzes.
Sign Up with Email
OR
Log In

You Might Also Like...

Show Comments

Extras

Top Quizzes Today


Score Distribution

Your Account Isn't Verified!

In order to create a playlist on Sporcle, you need to verify the email address you used during registration. Go to your Sporcle Settings to finish the process.

Report this User

Report this user for behavior that violates our Community Guidelines.

Details: